{"text_format":"3","workbook":"xlsx","n_sheets":1,"sheets":["t456"],"read":"whole","date_system":"1900"}

{"sheet":"t456","index":0,"n_rows":186,"n_cols":7,"rows_kept":186,"merged":[[0,0,0,6],[30,0,30,5],[48,0,48,5],[151,0,151,5]]}
["TABELA 456.1 - Estatísticas Agrícolas, Município de Presidente Alves, Estado de São Paulo, 2007/08."]
["ITEM","UNIDADE","N.DE UPAs","MÍNIMO","MÉDIO","MÁXIMO","TOTAL"]
["Distância à sede do município","km",283,{"v":1,"d":"1.0"},{"v":15.72,"d":"15.7"},{"v":48,"d":"48.0"},"-"]
["Área total","hectare",283,1.8,{"v":106.03,"d":"106.0"},{"v":2504.7,"d":"2,504.7"},{"v":30006.6,"d":"30,006.6"}]
["Área com cultura perene","hectare",87,0.1,{"v":5.11,"d":"5.1"},123.4,444.4]
["Área com cultura temporária","hectare",170,0.1,{"v":23.48,"d":"23.5"},755.6,{"v":3991.8,"d":"3,991.8"}]
["Área com pastagem","hectare",262,0.5,78.1,{"v":1708.1,"d":"1,708.1"},{"v":20461.9,"d":"20,461.9"}]
["Área com reflorestamento","hectare",104,0.1,10.6,{"v":300,"d":"300.0"},{"v":1102.4,"d":"1,102.4"}]
["Área com vegetação natural","hectare",149,0.1,{"v":17.66,"d":"17.7"},{"v":225,"d":"225.0"},{"v":2631.3,"d":"2,631.3"}]
["Área com vegetação de brejo e várzea","hectare",85,0.1,{"v":9.87,"d":"9.9"},{"v":120,"d":"120.0"},839.3]
["Área em descanso","hectare",35,0.1,{"v":7.29,"d":"7.3"},48.4,255.1]
["Área complementar","hectare",226,0.1,{"v":1.24,"d":"1.2"},80.9,280.4]
["Área das UPAs com (0, 1] ha","hectare","-","-","-","-","-"]
["Área das UPAs com (1, 2] ha","hectare",1,1.8,1.8,1.8,1.8]
["Área das UPAs com (2, 5] ha","hectare",18,2.3,{"v":3.88,"d":"3.9"},4.8,69.8]
["Área das UPAs com (5, 10] ha","hectare",37,5.2,{"v":7.53,"d":"7.5"},9.8,278.6]
["Área das UPAs com (10, 20] ha","hectare",101,10.2,{"v":16.84,"d":"16.8"},{"v":20,"d":"20.0"},{"v":1701.1,"d":"1,701.1"}]
["Área das UPAs com (20, 50] ha","hectare",48,20.6,33.5,{"v":50,"d":"50.0"},{"v":1608.1,"d":"1,608.1"}]
["Área das UPAs com (50, 100] ha","hectare",22,50.8,{"v":69.87,"d":"69.9"},{"v":98,"d":"98.0"},{"v":1537.1,"d":"1,537.1"}]
["Área das UPAs com (100, 200] ha","hectare",17,105.7,{"v":148.71,"d":"148.7"},193.6,{"v":2528.1,"d":"2,528.1"}]
["Área das UPAs com (200, 500] ha","hectare",26,206.9,{"v":343.25,"d":"343.3"},{"v":484,"d":"484.0"},{"v":8924.6,"d":"8,924.6"}]
["Área das UPAs com (500, 1.000] ha","hectare",7,{"v":513,"d":"513.0"},{"v":758.27,"d":"758.3"},{"v":968,"d":"968.0"},{"v":5307.9,"d":"5,307.9"}]
["Área das UPAs com (1.000, 2.000] ha","hectare",5,{"v":1035.5,"d":"1,035.5"},{"v":1108.96,"d":"1,109.0"},{"v":1267.1,"d":"1,267.1"},{"v":5544.8,"d":"5,544.8"}]
["Área das UPAs com (2.000, 5.000] ha","hectare",1,{"v":2504.7,"d":"2,504.7"},{"v":2504.7,"d":"2,504.7"},{"v":2504.7,"d":"2,504.7"},{"v":2504.7,"d":"2,504.7"}]
["Área das UPAs com (5.000, 10.000] ha","hectare","-","-","-","-","-"]
["Área das UPAs acima de 10.000 ha","hectare","-","-","-","-","-"]
["Familiares do proprietário que trabalham na UPA","unidade",202,{"v":1,"d":"1.0"},{"v":2.28,"d":"2.3"},{"v":9,"d":"9.0"},{"v":461,"d":"461.0"}]
["Trabalhadores permanentes","unidade",80,{"v":1,"d":"1.0"},{"v":5.71,"d":"5.7"},{"v":120,"d":"120.0"},{"v":457,"d":"457.0"}]
["Fonte: Secretaria de Agricultura e Abastecimento, CDRS/IEA, Projeto LUPA."]
[]
["TABELA 456.2 - Explorações Animais, Município de Presidente Alves, Estado de São Paulo, 2007/08."]
["ITEM","UNIDADE","N.DE UPAs","MÍNIMO","MÉDIO","MÁXIMO","TOTAL"]
["Apicultura","colmeias",1,{"v":4,"d":"4.0"},{"v":4,"d":"4.0"},{"v":4,"d":"4.0"},{"v":4,"d":"4.0"}]
["Asininos E Muares","cabeças",29,{"v":1,"d":"1.0"},{"v":3.24,"d":"3.2"},{"v":15,"d":"15.0"},{"v":94,"d":"94.0"}]
["Avicultura de Corte","cabeças/ano",4,{"v":20,"d":"20.0"},{"v":100,"d":"100.0"},{"v":200,"d":"200.0"},{"v":400,"d":"400.0"}]
["Avicultura para Ovos","cabeças",8,{"v":20,"d":"20.0"},{"v":10552.25,"d":"10,552.3"},{"v":84108,"d":"84,108.0"},{"v":84418,"d":"84,418.0"}]
["Bovinocultura de Corte","cabeças",62,{"v":12,"d":"12.0"},{"v":352.02,"d":"352.0"},{"v":2375,"d":"2,375.0"},{"v":21825,"d":"21,825.0"}]
["Bovinocultura Leiteira","cabeças",43,{"v":1,"d":"1.0"},18.6,{"v":120,"d":"120.0"},{"v":800,"d":"800.0"}]
["Bovinocultura Mista","cabeças",110,{"v":1,"d":"1.0"},{"v":62.85,"d":"62.9"},{"v":1346,"d":"1,346.0"},{"v":6914,"d":"6,914.0"}]
["Bubalinocultura","cabeças",5,{"v":5,"d":"5.0"},20.4,{"v":48,"d":"48.0"},{"v":102,"d":"102.0"}]
["Caprinocultura","cabeças",15,{"v":1,"d":"1.0"},23.2,{"v":130,"d":"130.0"},{"v":348,"d":"348.0"}]
["Cunicultura","cabeças",1,{"v":50,"d":"50.0"},{"v":50,"d":"50.0"},{"v":50,"d":"50.0"},{"v":50,"d":"50.0"}]
["Equinocultura","cabeças",152,{"v":1,"d":"1.0"},{"v":4.74,"d":"4.7"},{"v":30,"d":"30.0"},{"v":721,"d":"721.0"}]
["Minhocultura","canteiros",1,{"v":3,"d":"3.0"},{"v":3,"d":"3.0"},{"v":3,"d":"3.0"},{"v":3,"d":"3.0"}]
["Ovinocultura","cabeças",24,{"v":1,"d":"1.0"},65.5,{"v":300,"d":"300.0"},{"v":1572,"d":"1,572.0"}]
["Suinocultura","cabeças",57,{"v":1,"d":"1.0"},{"v":50.23,"d":"50.2"},{"v":2000,"d":"2,000.0"},{"v":2863,"d":"2,863.0"}]
["Fonte: Secretaria de Agricultura e Abastecimento, CDRS/IEA, Projeto LUPA."]
[]
["TABELA 456.3 -  Máquinas, Implementos e Benfeitorias, Município de Presidente Alves, Estado de São Paulo, 2007/08."]
["ITEM","UNIDADE","N.DE UPAs","MÍNIMO","MÉDIO","MÁXIMO","TOTAL"]
["Arado Comum (Bacia, Aiveca)","Unidade",47,{"v":1,"d":"1.0"},{"v":1.28,"d":"1.3"},{"v":3,"d":"3.0"},{"v":60,"d":"60.0"}]
["Arado Escarificador","Unidade",4,{"v":1,"d":"1.0"},{"v":1,"d":"1.0"},{"v":1,"d":"1.0"},{"v":4,"d":"4.0"}]
["Arado Subsolador","Unidade",5,{"v":1,"d":"1.0"},{"v":1,"d":"1.0"},{"v":1,"d":"1.0"},{"v":5,"d":"5.0"}]
["Batedeira de Cereais","Unidade",4,{"v":1,"d":"1.0"},1.5,{"v":2,"d":"2.0"},{"v":6,"d":"6.0"}]
["Carregadeira de Cana","Unidade",2,{"v":1,"d":"1.0"},1.5,{"v":2,"d":"2.0"},{"v":3,"d":"3.0"}]
["Colhedeira Acoplada","Unidade",5,{"v":1,"d":"1.0"},{"v":1,"d":"1.0"},{"v":1,"d":"1.0"},{"v":5,"d":"5.0"}]
["Computador","Unidade",14,{"v":1,"d":"1.0"},{"v":2.93,"d":"2.9"},{"v":25,"d":"25.0"},{"v":41,"d":"41.0"}]
["Conj.Irrigação Convencional","Unidade",4,{"v":1,"d":"1.0"},{"v":1.25,"d":"1.3"},{"v":2,"d":"2.0"},{"v":5,"d":"5.0"}]
["Conj.Irrigação/Gotejamento/Microaspersão","Unidade",25,{"v":1,"d":"1.0"},{"v":3.04,"d":"3.0"},{"v":10,"d":"10.0"},{"v":76,"d":"76.0"}]
["Desintegrador, Picador, Triturador","Unidade",85,{"v":1,"d":"1.0"},{"v":1.18,"d":"1.2"},{"v":3,"d":"3.0"},{"v":100,"d":"100.0"}]
["Distribuidor de Calcário","Unidade",15,{"v":1,"d":"1.0"},{"v":1.13,"d":"1.1"},{"v":3,"d":"3.0"},{"v":17,"d":"17.0"}]
["Ensiladeira","Unidade",12,{"v":1,"d":"1.0"},{"v":1.25,"d":"1.3"},{"v":3,"d":"3.0"},{"v":15,"d":"15.0"}]
["Grade Aradora (Tipo Romi)","Unidade",23,{"v":1,"d":"1.0"},{"v":1.17,"d":"1.2"},{"v":2,"d":"2.0"},{"v":27,"d":"27.0"}]
["Grade Niveladora","Unidade",37,{"v":1,"d":"1.0"},{"v":1.24,"d":"1.2"},{"v":4,"d":"4.0"},{"v":46,"d":"46.0"}]
["Implementos para Tração Animal","Unidade",39,{"v":1,"d":"1.0"},{"v":2.21,"d":"2.2"},{"v":10,"d":"10.0"},{"v":86,"d":"86.0"}]
["Microtrator","Unidade",4,{"v":1,"d":"1.0"},{"v":1,"d":"1.0"},{"v":1,"d":"1.0"},{"v":4,"d":"4.0"}]
["Misturador de Ração","Unidade",11,{"v":1,"d":"1.0"},{"v":1,"d":"1.0"},{"v":1,"d":"1.0"},{"v":11,"d":"11.0"}]
["Ordenhadeira Mecânica","Unidade",9,{"v":1,"d":"1.0"},{"v":1,"d":"1.0"},{"v":1,"d":"1.0"},{"v":9,"d":"9.0"}]
["Pulverizador Tratorizado","Unidade",19,{"v":1,"d":"1.0"},{"v":1.32,"d":"1.3"},{"v":3,"d":"3.0"},{"v":25,"d":"25.0"}]
["Resfriador de Leite, Tanque Expansão","Unidade",6,{"v":1,"d":"1.0"},{"v":1.17,"d":"1.2"},{"v":2,"d":"2.0"},{"v":7,"d":"7.0"}]
["Semeadeira/Adubadeira para Plantio Convencional","Unidade",8,{"v":1,"d":"1.0"},{"v":1.25,"d":"1.3"},{"v":3,"d":"3.0"},{"v":10,"d":"10.0"}]
["Semeadeira/Plantadeira Plantio Direto","Unidade",3,{"v":1,"d":"1.0"},{"v":1,"d":"1.0"},{"v":1,"d":"1.0"},{"v":3,"d":"3.0"}]
["Terraceador","Unidade",2,{"v":1,"d":"1.0"},{"v":1,"d":"1.0"},{"v":1,"d":"1.0"},{"v":2,"d":"2.0"}]
["Trator de Esteiras","Unidade",2,{"v":1,"d":"1.0"},1.5,{"v":2,"d":"2.0"},{"v":3,"d":"3.0"}]
["Trator de Pneus","Unidade",73,{"v":1,"d":"1.0"},1.6,{"v":6,"d":"6.0"},{"v":117,"d":"117.0"}]
["Açude/Represa","Unidade",79,{"v":1,"d":"1.0"},{"v":1.91,"d":"1.9"},{"v":12,"d":"12.0"},{"v":151,"d":"151.0"}]
["Adega Cantina","Unidade",1,{"v":1,"d":"1.0"},{"v":1,"d":"1.0"},{"v":1,"d":"1.0"},{"v":1,"d":"1.0"}]
["Almoxarifado/Oficina","Unidade",12,{"v":1,"d":"1.0"},{"v":1.08,"d":"1.1"},{"v":2,"d":"2.0"},{"v":13,"d":"13.0"}]
["Armazém para Grãos Ensacados","Sacas",7,{"v":1,"d":"1.0"},{"v":1390.14,"d":"1,390.1"},{"v":4000,"d":"4,000.0"},{"v":9731,"d":"9,731.0"}]
["Balança para Bovinos","Unidade",21,{"v":1,"d":"1.0"},1.1,{"v":2,"d":"2.0"},{"v":23,"d":"23.0"}]
["Balança para Veículos","Unidade",2,{"v":1,"d":"1.0"},1.5,{"v":2,"d":"2.0"},{"v":3,"d":"3.0"}]
["Barracão para Bicho da Seda/Sirgaria","Unidade",2,{"v":1,"d":"1.0"},{"v":1,"d":"1.0"},{"v":1,"d":"1.0"},{"v":2,"d":"2.0"}]
["Barracão para Granja/Avicultura","Unidade",4,{"v":1,"d":"1.0"},{"v":3.25,"d":"3.3"},{"v":10,"d":"10.0"},{"v":13,"d":"13.0"}]
["Barracão/Galpão/Garagem","Unidade",75,{"v":1,"d":"1.0"},{"v":1.13,"d":"1.1"},{"v":3,"d":"3.0"},{"v":85,"d":"85.0"}]
["Casa de Moradia Habitada","Unidade",179,{"v":1,"d":"1.0"},{"v":1.65,"d":"1.7"},{"v":9,"d":"9.0"},{"v":295,"d":"295.0"}]
["Casa de Moradia Total","Unidade",207,{"v":1,"d":"1.0"},{"v":2.25,"d":"2.3"},{"v":19,"d":"19.0"},{"v":466,"d":"466.0"}]
["Curral/Mangueira","Unidade",163,{"v":1,"d":"1.0"},{"v":1.08,"d":"1.1"},{"v":4,"d":"4.0"},{"v":176,"d":"176.0"}]
["Depósito/Tulha","Unidade",124,{"v":1,"d":"1.0"},1.2,{"v":6,"d":"6.0"},{"v":149,"d":"149.0"}]
["Estábulo","Unidade",10,{"v":1,"d":"1.0"},{"v":1,"d":"1.0"},{"v":1,"d":"1.0"},{"v":10,"d":"10.0"}]
["Estufa/Plasticultura","m²",29,{"v":1,"d":"1.0"},{"v":1604.48,"d":"1,604.5"},{"v":10000,"d":"10,000.0"},{"v":46530,"d":"46,530.0"}]
["Fábrica de Ração","Unidade",2,{"v":1,"d":"1.0"},{"v":1,"d":"1.0"},{"v":1,"d":"1.0"},{"v":2,"d":"2.0"}]
["Instalações para Equinos","Unidade",8,{"v":1,"d":"1.0"},{"v":1.88,"d":"1.9"},{"v":8,"d":"8.0"},{"v":15,"d":"15.0"}]
["Máquina de Benefício","Unidade",6,{"v":1,"d":"1.0"},{"v":1,"d":"1.0"},{"v":1,"d":"1.0"},{"v":6,"d":"6.0"}]
["Pocilga","Unidade",39,{"v":1,"d":"1.0"},{"v":1.38,"d":"1.4"},{"v":6,"d":"6.0"},{"v":54,"d":"54.0"}]
["Poço Semi-Artesiano","Unidade",90,{"v":1,"d":"1.0"},{"v":1.18,"d":"1.2"},{"v":5,"d":"5.0"},{"v":106,"d":"106.0"}]
["Posto Meteorológico","Unidade",2,{"v":1,"d":"1.0"},{"v":1,"d":"1.0"},{"v":1,"d":"1.0"},{"v":2,"d":"2.0"}]
["Secador de Grãos","Unidade",3,{"v":1,"d":"1.0"},{"v":2,"d":"2.0"},{"v":4,"d":"4.0"},{"v":6,"d":"6.0"}]
["Silo para Silagem","t",6,{"v":15,"d":"15.0"},307.5,{"v":1000,"d":"1,000.0"},{"v":1845,"d":"1,845.0"}]
["Terreiro","m²",47,{"v":1,"d":"1.0"},{"v":709.04,"d":"709.0"},{"v":6000,"d":"6,000.0"},{"v":33325,"d":"33,325.0"}]
["Usina de Açúcar/destilaria","Unidade",1,{"v":1,"d":"1.0"},{"v":1,"d":"1.0"},{"v":1,"d":"1.0"},{"v":1,"d":"1.0"}]
["Fonte: Secretaria de Agricultura e Abastecimento, CDRS/IEA, Projeto LUPA."]
[]
["TABELA 456.4 - Outras Estatísticas Agrícolas, Município de Presidente Alves, Estado de São Paulo, 2007/08."]
["ITEM","Número de UPAs",null,"Percentual"]
["Faz Parte de Associação de Produtores",63,null,{"v":22.26148409893993,"d":"22.3"}]
["Faz Parte de Cooperativa de Produtores",52,null,{"v":18.374558303886925,"d":"18.4"}]
["Faz Parte do Sindicato de Produtores",69,null,{"v":24.381625441696116,"d":"24.4"}]
["Não utiliza assistência técnica ",124,null,{"v":43.81625441696113,"d":"43.8"}]
["Utiliza somente assistência técnica governamental ",71,null,{"v":25.08833922261484,"d":"25.1"}]
["Utiliza somente assistência técnica privada ",52,null,{"v":18.374558303886925,"d":"18.4"}]
["Utiliza assistência técnica tanto governamental quanto privada",36,null,{"v":12.720848056537102,"d":"12.7"}]
["Utiliza Crédito Rural",77,null,{"v":27.208480565371026,"d":"27.2"}]
["Utiliza Seguro Rural",20,null,{"v":7.067137809187279,"d":"7.1"}]
["Utiliza Escrituração Agrícola",199,null,{"v":70.31802120141343,"d":"70.3"}]
["Acessa Internet p/ Fins na Agropecuária",36,null,{"v":12.720848056537102,"d":"12.7"}]
["Utiliza Computador nas Atividades Agropecuárias",24,null,{"v":8.480565371024735,"d":"8.5"}]
["Utiliza Energia Elétrica Para Uso na Atividade Agrícola",230,null,{"v":81.2720848056537,"d":"81.3"}]
["Realiza Análise de Solo, quando necessário",138,null,{"v":48.76325088339223,"d":"48.8"}]
["Utiliza Práticas de Conservação de Solo, quando necessário",199,null,{"v":70.31802120141343,"d":"70.3"}]
["Faz Adubação Mineral, quando necessário",167,null,{"v":59.01060070671378,"d":"59.0"}]
["Faz Adubação Orgânica, quando necessário",108,null,{"v":38.16254416961131,"d":"38.2"}]
["Faz Adubação Verde, quando necessário",6,null,{"v":2.1201413427561837,"d":"2.1"}]
["Utiliza Manejo Integrado de Pragas (MIP)",3,null,{"v":1.0600706713780919,"d":"1.1"}]
["Utiliza Hidroponia",1,null,{"v":0.35335689045936397,"d":"0.4"}]
["Utiliza Plasticultura",39,null,{"v":13.780918727915195,"d":"13.8"}]
["Utiliza Mudas Fiscalizadas",88,null,{"v":31.09540636042403,"d":"31.1"}]
["Utiliza Semente Melhorada",82,null,{"v":28.97526501766784,"d":"29.0"}]
["Faz Confinamento de Bovinos",10,null,{"v":3.5335689045936394,"d":"3.5"}]
["Utiliza Pastejo Intensivo",35,null,{"v":12.36749116607774,"d":"12.4"}]
["Faz Inseminação Artificial",12,null,{"v":4.240282685512367,"d":"4.2"}]
["Faz Mineralização do Rebanho",200,null,{"v":70.67137809187278,"d":"70.7"}]
["Faz Vermifugação do Rebanho",200,null,{"v":70.67137809187278,"d":"70.7"}]
["Possui Parceiros /Arrendatários na Exploração Animal",32,null,{"v":11.307420494699647,"d":"11.3"}]
["Esporte e lazer","-",null,"-"]
["Extração mineral","-",null,"-"]
["Hotel Fazenda, Pousada ou SPA","-",null,"-"]
["Pesque-pague","-",null,"-"]
["Restaurante ou Lanchonete","-",null,"-"]
["Transformação artesanal","-",null,"-"]
["Turismo rural ou ecoturismo","-",null,"-"]
["Outras atividades econômicas rurais",1,null,{"v":0.35335689045936397,"d":"0.4"}]
["Agroindústria",1,null,{"v":0.35335689045936397,"d":"0.4"}]
["Proprietário sem instrução ou com instrução incompleta",11,null,{"v":3.886925795053004,"d":"3.9"}]
["Proprietário com antigo primário completo",98,null,{"v":34.628975265017665,"d":"34.6"}]
["Proprietário com 1° grau (ou antigo ginasial) completo",44,null,{"v":15.547703180212014,"d":"15.5"}]
["Proprietário com 2° grau (ou antigo colegial) completo",64,null,{"v":22.614840989399294,"d":"22.6"}]
["Proprietário com curso superior completo ",64,null,{"v":22.614840989399294,"d":"22.6"}]
["Pessoa Jurídica",2,null,{"v":0.7067137809187279,"d":"0.7"}]
["Proprietário residente na própria UPA ",102,null,{"v":36.042402826855124,"d":"36.0"}]
["Fonte: Secretaria de Agricultura e Abastecimento, CDRS/IEA, Projeto LUPA."]
[]
["TABELA 456.5 - Área Cultivada, Município de Presidente Alves, Estado de São Paulo, 2007/08."]
["CULTURA","N.DE UPAs","MÍNIMO","MÉDIO","MÁXIMO","TOTAL"]
["Braquiaria",256,0.5,{"v":72.61,"d":"72.6"},{"v":1708.1,"d":"1,708.1"},{"v":18588.2,"d":"18,588.2"}]
["Cana-de-acucar",133,0.1,25.8,755.6,{"v":3431.2,"d":"3,431.2"}]
["Gramas",34,0.5,{"v":35.71,"d":"35.7"},{"v":300,"d":"300.0"},{"v":1214.1,"d":"1,214.1"}]
["Eucalipto",104,0.1,10.6,{"v":300,"d":"300.0"},{"v":1102.4,"d":"1,102.4"}]
["Coloniao",9,0.4,{"v":70.88,"d":"70.9"},384.6,637.9]
["Abacaxi (ou ananas)",2,0.1,{"v":157.35,"d":"157.4"},314.6,314.7]
["Milho",20,0.1,8.3,36.5,{"v":166,"d":"166.0"}]
["Cafe",26,0.1,{"v":6.33,"d":"6.3"},{"v":40,"d":"40.0"},164.5]
["Laranja",5,0.6,{"v":25.86,"d":"25.9"},72.6,129.3]
["Tangerina",1,122.2,122.2,122.2,122.2]
["Melancia",2,2.4,13.3,24.2,26.6]
["Capim-napier (ou capim-elefante)",19,0.1,{"v":0.96,"d":"1.0"},{"v":6,"d":"6.0"},18.2]
["Pomar domestico",62,0.1,{"v":0.28,"d":"0.3"},{"v":2,"d":"2.0"},17.4]
["Pimentao",36,0.1,0.3,1.5,10.9]
["Maracuja",12,0.1,{"v":0.82,"d":"0.8"},2.4,9.8]
["Mandioca",9,0.1,{"v":1.03,"d":"1.0"},3.6,9.3]
["Seringueira",1,7.5,7.5,7.5,7.5]
["Feijao",3,{"v":1,"d":"1.0"},{"v":2.27,"d":"2.3"},4.8,6.8]
["Abobora (ou jerimum)",3,0.4,{"v":2.03,"d":"2.0"},4.8,6.1]
["Outras gramineas para pastagem",2,1.2,{"v":1.75,"d":"1.8"},2.3,3.5]
["Limao",1,3.3,3.3,3.3,3.3]
["Pimenta",4,0.1,{"v":0.68,"d":"0.7"},1.1,2.7]
["Quiabo",2,0.6,0.7,0.8,1.4]
["Floricultura para vaso",1,1.4,1.4,1.4,1.4]
["Berinjela",4,0.1,{"v":0.35,"d":"0.4"},1.1,1.4]
["Amendoim",1,1.2,1.2,1.2,1.2]
["Tomate envarado",3,0.1,{"v":0.37,"d":"0.4"},0.5,1.1]
["Horta domestica",4,0.1,{"v":0.15,"d":"0.2"},0.2,0.6]
["Jilo",2,0.1,0.1,0.1,0.2]
["Feijao-de-corda",2,0.1,0.1,0.1,0.2]
["Alface",2,0.1,0.1,0.1,0.2]
["Banana",2,0.1,0.1,0.1,0.2]
["Fonte: Secretaria de Agricultura e Abastecimento, CDRS/IEA, Projeto LUPA."]